Normal view
MARC view
- Md. Zahurul Haque
Entry Personal Name
001 - CONTROL NUMBER
- control field: 5252
003 - CONTROL NUMBER IDENTIFIER
- control field: OSt
005 - DATE AND TIME OF LATEST TRANSACTION
- control field: 20230321063555.0
008 - FIXED-LENGTH DATA ELEMENTS
- fixed length control field: 230321|| aca||aabn | a|a d
040 ## - CATALOGING SOURCE
- Original cataloging agency: OSt
- Transcribing agency: OSt
100 ## - HEADING--PERSONAL NAME
- Personal name: Md. Zahurul Haque
670 ## - SOURCE DATA FOUND
- Source citation: Work cat.: (OSt)4033: Haque, Md. Zahurul 5251, The Code of Criminal Procedure - 1898 : , c2007
